00825nam a22001577a 4500999001900000008004100019100002500060245005100085260002800136300003400164520029900198773002800497906002600525942000700551952010900558 c520685d520685221001b ||||| |||| 00| 0 eng d aSingh, Amita 934736 aContemporary shifts in public administration  aAdministrative Change  a48(2), Jan-Jun, 2022: p.48-63 aSome major shifts have occurred within the discipline of public administration (PA) as the world wades through century’s worst humanitarian crisis since the Second World War, grenade by climate change, disasters and incre3asing human insecurity due to poverty and military. – Reproduced  aAdministrative Change  aPUBLIC ADMINISTRATION cAR 00102ddc40709394742aIIPAbIIPAd2022-10-01h48(2), Jan-Jun, 2022: p.48-63pAR127267r2022-10-01yAR